The Lord of the Cross = Siluvai Nayakan : (Record no. 22417)
[ view plain ]
| 000 -LEADER | |
|---|---|
| fixed length control field | 01085nam a22002657a 4500 |
| 008 - FIXED-LENGTH DATA ELEMENTS--GENERAL INFORMATION | |
| fixed length control field | 090127t xxu||||| |||| 00| 0 eng d |
| 010 ## - LCCN (DPL NO) | |
| LC control number | ENG-92601 |
| 020 ## - INTERNATIONAL STANDARD BOOK NUMBER | |
| Terms of availability | 75.00 |
| 035 ## - SYSTEM CONTROL NUMBER | |
| System control number | EN-76134 |
| 037 ## - SOURCE OF ACQUISITION | |
| Source of stock number/acquisition | DBAD / PUB |
| 040 ## - CATALOGING SOURCE | |
| Original cataloging agency | dpl |
| Language of cataloging | English |
| 082 ## - DEWEY DECIMAL CLASSIFICATION NUMBER | |
| Classification number | 882.09 |
| 100 ## - MAIN ENTRY--PERSONAL NAME | |
| Personal name | Pattukkottai Kumaravel |
| 245 ## - TITLE STATEMENT | |
| Title | The Lord of the Cross = Siluvai Nayakan : |
| Remainder of title | historical play in Tamil / |
| Statement of responsibility, etc | by (Kalaimamani) Pattukkottai Kumaravel; English translation by A.K. Moorthy, S.P. Guruparan [and] S. Suviseshamuthu |
| 260 ## - PUBLICATION, DISTRIBUTION, ETC. (IMPRINT) | |
| Place of publication, distribution, etc | Chennai |
| Name of publisher, distributor, etc | St. Therasa's Church |
| Date of publication, distribution, etc | 2007 |
| 270 ## - ADDRESS | |
| Address | No. 4, Nungambakkam High Road, |
| City | Chennai |
| Postal code | 600034 |
| 300 ## - PHYSICAL DESCRIPTION | |
| Extent | xxxii212p.: |
| Other physical details | ill. |
| Dimensions | 22cm (pbk) |
| 600 ## - SUBJECT ADDED ENTRY--PERSONAL NAME | |
| Personal name | Jesus Christ |
| 650 ## - SUBJECT ADDED ENTRY--TOPICAL TERM | |
| Topical term or geographic name as entry element | Tamil drama |
| General subdivision | Translation into English. |
| 700 ## - ADDED ENTRY--PERSONAL NAME | |
| Personal name | Moorthy, A.K. |
| 700 ## - ADDED ENTRY--PERSONAL NAME | |
| Personal name | Guruparan, S.P. |
| 700 ## - ADDED ENTRY--PERSONAL NAME | |
| Personal name | Suviseshamuthu, S. |
| 942 ## - ADDED ENTRY ELEMENTS (KOHA) | |
| Source of classification or shelving scheme | Dewey Decimal Classification |
| Item type | English Books |
| Call number suffix | LOR |
| Classification part | 882.09 |
| Withdrawn status | Lost status | Source of classification or shelving scheme | Damaged status | Not for loan | Collection code | Home library | Current library | Date acquired | Source of acquisition | Cost, normal purchase price | Total Checkouts | Full call number | Barcode | Date last seen | Copy number | Cost, replacement price | Koha item type |
|---|---|---|---|---|---|---|---|---|---|---|---|---|---|---|---|---|---|
| Dewey Decimal Classification | Not For Loan | Non-fiction | D.B.Act.Division | D.B.Act.Division | 27/01/2009 | DBAD / PUB | 75.00 | 882.09 LOR | EN-76134 | 27/01/2009 | 1 | 75.00 | English Books |
